Statistics for Subdivisions in Western Europe

Click here to take the quiz!

General Stats

  • This quiz has been taken 10 times
  • The average score is 42 of 256

Answer Stats

Answer% Correct
Brittany
75%
Catalonia
75%
Galicia
75%
Aragon
63%
Asturias
63%
Ile de France
63%
Normandy
63%
Andorra La Vella
50%
Basque Country
50%
Braga
50%
Cantabria
50%
Coimbra
50%
Extremadura
50%
Faro
50%
Grand Est
50%
Murcia
50%
Pays de la Loire
50%
Porto
50%
Valencia
50%
Vale of Glamorgan
50%
Balearic Islands
38%
Braganca
38%
Cork
38%
Cornwall
38%
Donegal
38%
Dublin
38%
Galway
38%
Greater London Area
38%
Hauts de France
38%
La Rioja
38%
Leicester
38%
Lisboa
38%
Madrid
38%
Monaco
38%
Navarre
38%
Vila Real
38%
Antwerp
25%
Aquitaine
25%
Aveiro
25%
Bedfordshire
25%
Beja
25%
Belfast
25%
Bristol
25%
Cambridgeshire
25%
Cardiff
25%
Castelo Branco
25%
Castilla la Mancha
25%
Corsica
25%
Derby
25%
Derry
25%
Devon
25%
Dorset
25%
Drenthe
25%
Dundee
25%
East Flanders
25%
East Riding of Yorkshire
25%
East Sussex
25%
Edinburgh
25%
Essex
25%
Evora
25%
Friesland
25%
Gelderland
25%
Gibraltar
25%
Glasgow
25%
Gloucestershire
25%
Groningen
25%
Guarda
25%
Guernsey
25%
Hainaut
25%
Hampshire
25%
Isle of Man
25%
Jersey
25%
Kent
25%
Kerry
25%
Leiria
25%
Liege
25%
Limburg
25%
Limerick
25%
Lincolnshire
25%
Luxembourg
25%
Manchester
25%
Merseyside
25%
Namur
25%
Noord Brabant
25%
Noord Holland
25%
Norfolk
25%
North Yorkshire
25%
Nottingham
25%
Occitanie
25%
Overijssel
25%
Oxfordshire
25%
Portalegre
25%
Santarem
25%
Setubal
25%
Sligo
25%
Somerset
25%
South Yorkshire
25%
Suffolk
25%
Utrecht
25%
Viana do Castelo
25%
Viseu
25%
Waterford
25%
West Flanders
25%
West Sussex
25%
West Yorkshire
25%
Wexford
25%
Worcestershire
25%
York
25%
Zeeland
25%
Zuid Holland
25%
Aberdeen
13%
Angelsey
13%
Armagh
13%
Berkshire
13%
Bourgogne
13%
Brighton and Hove
13%
Brussels
13%
Buckinghamshire
13%
Centre Val de Loire
13%
Ceredigion
13%
Cumbria
13%
Denbighshire
13%
Derbyshire
13%
Diekirch
13%
Durham
13%
Flemish Brabant
13%
Flevoland
13%
Grevenmacher
13%
Hertfordshire
13%
Highland
13%
Isle of Wight
13%
Kildare
13%
Kilkenny
13%
Lancashire
13%
Louth
13%
Mayo
13%
Meath
13%
Neath Port Talbot
13%
Newport
13%
Newry
13%
Northamptonshire
13%
Northumberland
13%
Nottinghamshire
13%
Offaly
13%
Pembrokeshire
13%
Powys
13%
Shropshire
13%
Staffordshire
13%
Swansea
13%
Tipperary
13%
Warwickshire
13%
West Midlands
13%
Wiltshire
13%
Aberdeenshire
0%
Angus
0%
Antrim and Newtownabbey
0%
Argyll and Bute
0%
Auvergne Rhone Alps
0%
Bath and Northeast Somerset
0%
Blackburn with Darwen
0%
Blaenau Gwent
0%
Bornmouth
0%
Bridgend
0%
Caerphilly
0%
Canillo
0%
Carlow
0%
Carmarthenshire
0%
Catille and Leon
0%
Causeway Coast and Glens
0%
Cavan
0%
Chesire
0%
Clackmannanshire
0%
Clare
0%
Conwy
0%
Darlington
0%
Dumfries and Galloway
0%
East Ayrshire
0%
East Dunbartonshire
0%
East Lothian
0%
East Renfrewshire
0%
Eilean Siar
0%
Encamp
0%
Escaldes Engordany
0%
Falkirk
0%
Fermanagh and Omagh
0%
Fife
0%
Flintshire
0%
Gwynedd
0%
Hartlepool
0%
Herefordshire
0%
Inverclyde
0%
Kingston upon Hull
0%
La Massana
0%
Laoighis
0%
Leicestershire
0%
Leitrim
0%
Lisburn
0%
Longford
0%
Luton
0%
Medway
0%
Merthyl Tydfil
0%
Mid and East Antrim
0%
Middlesbrough
0%
Midlothian
0%
Mid Ulster
0%
Milton Keynes
0%
Monaghan
0%
Monmouthshire
0%
Moray
0%
North Ayshire
0%
North Down and Ards
0%
Northeast Lincolnshire
0%
North Lanarkshire
0%
North Lincolnshire
0%
North Somerset
0%
Ordino
0%
Orkney
0%
Perthshire and Kinross
0%
Peterborough
0%
Plymouth
0%
Poole
0%
Portsmouth
0%
Provence Alps Cote d Azur
0%
Redcar and Cleveland
0%
Renfrewshire
0%
Rhondda Cynon Taff
0%
Roscommon
0%
Rutland
0%
Sant Julia de Loria
0%
Scottish Borders
0%
Shetland
0%
Southampton
0%
South Ayrshire
0%
Southend on Sea
0%
South Gloucestershire
0%
South Lanarkshire
0%
Stirling
0%
Stockton-on-Tees
0%
Stoke on Trent
0%
Surrey
0%
Swindon
0%
Telford and Wrekin
0%
Thurrock
0%
Torbay
0%
Torfaen
0%
Tyne and Wear
0%
Wallon Brabant
0%
Warrington
0%
West Dunbartonshire
0%
West Lothian
0%
Westmeath
0%
Wicklow
0%
Wirral
0%
Wrexham
0%

Score Distribution

Percentile by Number Answered

Percent of People with Each Score

Your Score History

You have not taken this quiz